Southville International School and Colleges
Your cart is empty.
  • Cart
  • Lists
    Public lists Eva Luna New books Lux_list list_1
    Your lists Log in to create your own lists
  • Log in to your account
  • Your cookies
  • Search history
Southville International School and Colleges
  • Advanced search
  • Recent comments
  • Most popular
  • Libraries

Log in to your account

Log in with GOOGLE


If you do not have an external account, but do have a local account, you can still log in:

  1. Home
  2. MARC view: Anti-Eraption /
Normal view MARC view ISBD view

Anti-Eraption / (Record no. 291008)

[ view plain ]
MARC details
000 -LEADER
fixed length control field 00582nam a22001810 4500
003 - CONTROL NUMBER IDENTIFIER
control field PILC
005 - DATE AND TIME OF LATEST TRANSACTION
control field 20160217131933.0
008 - FIXED-LENGTH DATA ELEMENTS--GENERAL INFORMATION
fixed length control field 030205s2002 eng
041 #0 - LANGUAGE CODE
Language code of text/sound track or separate title eng
Language code of original and/or intermediate translations of text tgl
050 ## - LIBRARY OF CONGRESS CALL NUMBER
Classification number PN 6222.P6
Item number .A629 2002
245 10 - TITLE STATEMENT
Title Anti-Eraption /
260 ## - PUBLICATION, DISTRIBUTION, ETC. (IMPRINT)
Place of publication, distribution, etc Baguio City :
Name of publisher, distributor, etc Graphix Intelligence,
Date of publication, distribution, etc 2002.
300 ## - PHYSICAL DESCRIPTION
Extent 71 pages :
Other physical details illustrations ;
Dimensions 21 cm.
500 ## - GENERAL NOTE
General note "The Anti-Eraption book is a sort of a sequel of Eraption ..." --Foreword.
650 ## - SUBJECT ADDED ENTRY--TOPICAL TERM
Topical term or geographic name as entry element Estrada, Joseph Ejercito, 1937-
General subdivision Humor.
650 ## - SUBJECT ADDED ENTRY--TOPICAL TERM
Topical term or geographic name as entry element Philippine wit and humor.
942 ## - ADDED ENTRY ELEMENTS (KOHA)
Source of classification or shelving scheme Library of Congress Classification
Koha item type Books
Call number prefix Local
Holdings
Withdrawn status Lost status Source of classification or shelving scheme Damaged status Home library Current library Shelving location Date acquired Source of acquisition Sub Shelving location Total Checkouts Full call number Barcode Date last seen Price effective from Koha item type
    Library of Congress Classification   College Library College Library Filipiniana Section 02/17/2016 Donation     PN 6222.P6 .A629 2002 C20384 05/08/2018 02/17/2016 Books

Anti-Eraption /

APA

(2002). Anti-Eraption. Baguio City: Graphix Intelligence.

Chicago

2002. Anti-Eraption. Baguio City: Graphix Intelligence.

Harvard

(2002). Anti-Eraption. Baguio City: Graphix Intelligence.

MLA

Anti-Eraption. Baguio City: Graphix Intelligence. 2002.

  • Place hold
  • Print
  • Cite
  • Add to your cart (remove)
  • Save record
    BIBTEX Dublin Core MARCXML MARC (non-Unicode/MARC-8) MARC (Unicode/UTF-8) MARC (Unicode/UTF-8, Standard) MODS (XML) RIS
  • More searches
    Search for this title in:
    Other Libraries (WorldCat) Other Databases (Google Scholar) Online Stores (Bookfinder.com) Open Library (openlibrary.org)

Exporting to Dublin Core...

SOUTHVILLE LIBRARY

Southville International School and Colleges Library

1281 Tropical Ave. Cor. Luxembourg St., BF Homes International, Las Pinas City

Tel. No. 8256374 / 252358 Loc. 117/146

Powered by Koha